00706 2200241 4500001002100000005001500021035002000036008004100056020001800097041000800115082001100123084001700134100002400151245007300175260004700248300002600295500002000321650002500341990002500366990002400391990002400415990002500439INLIS00000000000564120221029100017 a0010-0520005641221029 | | eng  a0-19-825829-1 aeng a341.48 a341.48 THO i0 aThornberry, Patrick1 aInternational Law and the Rights of Minorities /cPatrick Thornberry aNew York :bOxford University Press,c1991 axii, 447 p. ;c23 cm. aIndeks : Indeks 4a1. Hak Azazi Manusia a01157/MKRI-P/VI-2007 a02446/MKRI-P/I-2006 a02446/MKRI-P/I-2006 a01157/MKRI-P/VI-2007